00565nam a2200193Ia 4500001001100000003000500011008004100016010001100057020003000068040000900098082002000107245008900127260002500216300001100241650001700252650001200269700004400281700004600325Para_10156CHAP220125s2012 xx 000 0 und d a208850 a978 - 958 - 8595 - 02 - 3 cCHAP aPA 630 G73 2012 aGranja integral autosuficiente /c Colaboradores Efraín Vela Guerrero...[et. al.] aBogotá :b Granja a304 p. aAgricultura  aGranjas aI.Vela Guerrero, Efraín, colaborador  aII.Donoso Echegoyen, Augusto, Colaborador